000 00865nam a2200277 i 4500
001 15875
003 ES-MaACL
005 20251005063030.0
007 t|
008 000512s1999 sp ||||0| spa
020 _a84-08-02953-3
080 _a329.18(460)
080 _a946.0"1939/55"
100 0 _aPalacios Tapias, Jesús
_988401
245 1 3 _aLa España totalitaria
_b: las raíces del franquismo, 1934-1946 /
_cJesús Palacios ; prólogo de Stanley G. Payne.
250 _a1ª ed.
260 _aBarcelona :
_bPlaneta,
_c1999.
300 _a590 p., [16] p. de lám. ;
_c24 cm.
490 1 _aLa España plural
650 1 7 _aFranquismo
_2embne
_912981
651 4 _aEspaña-
_xHistoria-
_y1939-1955.
_98329
700 1 _aPayne, Stanley G.
_989729
830 1 _aLa España plural
_9179753
852 _aES-MaACL
_jL-22856
999 _c15875
_d15875